000 00645cam a22002293a 4500
001 97
003 PGUSA
005 20140828082943.0
008 940101s1994||||xxu|||||s|||||000 | eng d
040 _aPGUSA
_beng
042 _adc
050 4 _aQA
100 1 _aAbbott, Edwin Abbott,
_d1838-1926
245 1 0 _aFlatland :
_bA Romance of Many Dimensions
_h[electronic resource] /
_cEdwin Abbott Abbott
260 _bProject Gutenberg,
_c1994
506 _aPublic domain in the USA.
516 _aElectronic text
653 _aFourth dimension
830 0 _aProject Gutenberg
_v97
856 4 0 _uhttp://www.gutenberg.org/ebooks/97
942 _cEB
999 _c229468
_d229468